[Event "8. Oeffinger Schachopen 2017"]
[Site "?"]
[Date "2017.06.02"]
[Round "1.1"]
[White "Pelezki, Jurij"]
[Black "Schnepp, Gunnar"]
[Result "0-1"]
[WhiteElo "1760"]
[BlackElo "2337"]
[PlyCount "66"]
[EventDate "2016.??.??"]

1. d4 Nf6 2. c4 d5 3. e3 c5 4. Nf3 cxd4 5. exd4 g6 6. Be2 Bg7 7. O-O O-O 8. Bg5
Ne4 9. Be3 Nc6 10. Nbd2 Bf5 11. Nh4 Nxd4 12. Bxd4 Bxd4 13. Nxf5 gxf5 14. Nxe4
dxe4 15. Qb3 Qb6 16. Qc2 Qxb2 17. Qxb2 Bxb2 18. Rab1 Ba3 19. Rxb7 Rfd8 20. Rd1
Rxd1+ 21. Bxd1 Rd8 22. Rb1 Rd2 23. Bb3 Bc5 24. Rf1 f4 25. h3 e3 26. fxe3 fxe3
27. Rf5 e2+ 28. Rxc5 e1=Q+ 29. Kh2 Qe3 30. Rf5 e6 31. Rf1 Qe5+ 32. Kh1 Qg3 33.
Rg1 Qf2 0-1

[Event "8. Oeffinger Schachopen 2017"]
[Site "?"]
[Date "2017.06.02"]
[Round "1.2"]
[White "Gheng, Josef"]
[Black "Strauss, Martin"]
[Result "1-0"]
[WhiteElo "2334"]
[BlackElo "1754"]
[PlyCount "37"]
[EventDate "2016.??.??"]

1. e4 e5 2. Nf3 Nc6 3. Bb5 Nf6 4. d3 Bc5 5. c3 Bb6 6. O-O d6 7. h3 O-O 8. Bg5
Bd7 9. Na3 Nb8 10. Bc4 Qe7 11. Bb3 c5 12. Nc4 Bc7 13. Ne3 Be6 14. Nh4 g6 15. f4
Nbd7 16. f5 Bxb3 17. Qxb3 Kg7 18. fxg6 fxg6 19. Nef5+ 1-0

[Event "8. Oeffinger Schachopen 2017"]
[Site "?"]
[Date "2017.06.02"]
[Round "1.3"]
[White "Schmid, Bernd"]
[Black "Neyman, Igor"]
[Result "0-1"]
[WhiteElo "1753"]
[BlackElo "2308"]
[PlyCount "97"]
[EventDate "2016.??.??"]

1. e4 c5 2. Nf3 Nc6 3. d4 cxd4 4. Nxd4 e5 5. Nb5 d6 6. N1c3 a6 7. Na3 Be7 8.
Nd5 Nf6 9. Nxf6+ Bxf6 10. Nc4 Be7 11. Ne3 O-O 12. Bc4 Be6 13. Bd5 Rc8 14. c3
Qd7 15. O-O b5 16. a3 Bd8 17. Qd3 Bb6 18. Rd1 Rfd8 19. a4 Ne7 20. axb5 axb5 21.
Ra6 Rb8 22. b3 Qc8 23. Ra2 h6 24. c4 bxc4 25. bxc4 Bd4 26. Nc2 Bc5 27. Be3 Ng6
28. g3 Ne7 29. Rda1 Nc6 30. Bxc5 dxc5 31. Rf1 Qc7 32. Ra6 Rb6 33. Rfa1 Rdb8 34.
Kg2 Kh7 35. Ra8 Rb3 36. Qd1 Qd7 37. Ne3 Rxa8 38. Rxa8 Rb6 39. Ra1 Nd4 40. Bxe6
Qxe6 41. Nd5 Rb2 42. Rb1 Re2 43. Nc3 Rc2 44. Qd3 Qf6 45. Nd1 Qa6 46. Ne3 Qa2
47. Rf1 Rb2 48. h3 Rb3 49. Qd1 0-1

[Event "8. Oeffinger Schachopen 2017"]
[Site "?"]
[Date "2017.06.02"]
[Round "1.4"]
[White "Degenhardt, Horst"]
[Black "Afonso, Nils"]
[Result "1-0"]
[WhiteElo "2285"]
[BlackElo "1747"]
[PlyCount "109"]
[EventDate "2016.??.??"]

1. d4 d5 2. Nf3 Nf6 3. Nbd2 c6 4. c4 e6 5. e3 Bd6 6. Bd3 Nbd7 7. O-O O-O 8. e4
dxe4 9. Nxe4 Nxe4 10. Bxe4 h6 11. Bd2 e5 12. dxe5 Nxe5 13. Bc3 Qc7 14. h3 Re8
15. Re1 Bd7 16. Bc2 Rad8 17. c5 Nxf3+ 18. Qxf3 Be5 19. Qd3 g6 20. Bxe5 Rxe5 21.
Rxe5 Qxe5 22. Bb3 Qf6 23. Rd1 Kf8 24. Qd2 g5 25. Qa5 a6 26. Qc7 Qe7 27. Qxb7
Be8 28. Qxe7+ Kxe7 29. Rxd8 Kxd8 30. Bc4 a5 31. Kf1 Ke7 32. Ke2 Kf6 33. Ke3 Ke5
34. g3 f6 35. f4+ gxf4+ 36. gxf4+ Kf5 37. Bd3+ Ke6 38. Kd4 Bh5 39. Be4 Be8 40.
Kc3 Bd7 41. Kb3 Ke7 42. f5 Kd8 43. Ka4 Kc7 44. Kxa5 Be8 45. a4 Bf7 46. b4 Bc4
47. b5 cxb5 48. axb5 Kb8 49. Kb6 h5 50. h4 Kc8 51. Kc6 Kd8 52. b6 Ke7 53. b7
Bb3 54. b8=Q Bd5+ 55. Kxd5 1-0

[Event "8. Oeffinger Schachopen 2017"]
[Site "?"]
[Date "2017.06.02"]
[Round "1.5"]
[White "Nickel, Rüdiger"]
[Black "Wübbens, Carsten"]
[Result "1-0"]
[WhiteElo "2158"]
[BlackElo "1742"]
[PlyCount "57"]
[EventDate "2016.??.??"]

1. e4 e6 2. d4 d5 3. e5 c5 4. c3 Nc6 5. Nf3 Qb6 6. Be2 cxd4 7. cxd4 Nge7 8. Na3
Nf5 9. Nc2 Bd7 10. h4 Rc8 11. g4 Nfe7 12. Kf1 Nb4 13. Na3 Nec6 14. Rh3 Be7 15.
Bg5 Na5 16. b3 h6 17. Bxe7 Kxe7 18. Qd2 Rc7 19. Rd1 Rhc8 20. Nb5 Nc2 21. Nxc7
Rxc7 22. Rc1 Qc6 23. Ne1 Ne3+ 24. Rxe3 Qxc1 25. Qxa5 b6 26. Qb4+ Ke8 27. Kg2 f6
28. g5 hxg5 29. Bh5+ 1-0

[Event "8. Oeffinger Schachopen 2017"]
[Site "?"]
[Date "2017.06.02"]
[Round "1.6"]
[White "Rieder, Josef"]
[Black "Gustain, Marc"]
[Result "0-1"]
[WhiteElo "1729"]
[BlackElo "2118"]
[PlyCount "52"]
[EventDate "2016.??.??"]

1. e4 c5 2. Nf3 d6 3. d4 cxd4 4. Nxd4 Nf6 5. Nc3 a6 6. Be2 Nbd7 7. O-O g6 8.
Be3 Bg7 9. Qd2 h5 10. Rad1 b5 11. a3 Bb7 12. f3 Qc7 13. Bd3 Ne5 14. f4 Neg4 15.
f5 Nxe3 16. Qxe3 Ng4 17. Qf3 Bxd4+ 18. Kh1 g5 19. Bxb5+ axb5 20. Rxd4 Qc5 21.
Rd2 b4 22. axb4 Qxb4 23. b3 Rc8 24. Nb1 Qxe4 25. Re2 Qxf3 26. gxf3 Ne5 0-1

[Event "8. Oeffinger Schachopen 2017"]
[Site "?"]
[Date "2017.06.02"]
[Round "1.7"]
[White "Dusbaba, Karel"]
[Black "Hammel, Jürgen"]
[Result "1-0"]
[WhiteElo "2089"]
[BlackElo "177"]
[PlyCount "53"]
[EventDate "2016.??.??"]

1. c4 e5 2. Nc3 Nf6 3. g3 Bc5 4. Bg2 O-O 5. d3 c6 6. Nf3 d6 7. O-O h6 8. a3 a5
9. Rb1 Ba7 10. b4 axb4 11. axb4 Qc7 12. Qb3 Be6 13. Ba3 Nbd7 14. Qb2 d5 15. b5
Bc5 16. Bxc5 Nxc5 17. bxc6 bxc6 18. cxd5 cxd5 19. Nb5 Qb8 20. Qxe5 Ncd7 21.
Qxb8 Rfxb8 22. Nc7 Rxb1 23. Rxb1 Ra2 24. Kf1 Rc2 25. Nxe6 fxe6 26. Nd4 Ra2 27.
Nxe6 1-0

[Event "8. Oeffinger Schachopen 2017"]
[Site "?"]
[Date "2017.06.02"]
[Round "1.8"]
[White "Michna, Marcus, Dr."]
[Black "Gabriel, Josef"]
[Result "0-1"]
[WhiteElo "1727"]
[BlackElo "2079"]
[PlyCount "40"]
[EventDate "2016.??.??"]

1. d4 g6 2. e4 Bg7 3. c3 d6 4. Be3 a6 5. Nf3 Nf6 6. Nbd2 Ng4 7. Bf4 e5 8. dxe5
dxe5 9. Bg5 f6 10. h3 Nxf2 11. Kxf2 fxg5 12. Bc4 Qe7 13. Rf1 Rf8 14. Kg1 Nd7
15. b4 h6 16. a4 Nf6 17. Qc2 Nh5 18. Nb3 Nf4 19. Qf2 Bxh3 20. Qc5 Bxg2 0-1

[Event "8. Oeffinger Schachopen 2017"]
[Site "?"]
[Date "2017.06.03"]
[Round "2.1"]
[White "Schnepp, Gunnar"]
[Black "Kaplunov, Vadym"]
[Result "1-0"]
[WhiteElo "2337"]
[BlackElo "1935"]
[PlyCount "33"]
[EventDate "2016.??.??"]

1. Nf3 Nf6 2. c4 e6 3. g3 d5 4. Bg2 c5 5. cxd5 exd5 6. d4 Nc6 7. O-O Be6 8. Nc3
a6 9. Bg5 c4 10. Ne5 Be7 11. Qa4 Rc8 12. Nxc6 Rxc6 13. Bxf6 Bxf6 14. e4 b5 15.
Qc2 Bxd4 16. exd5 Bxc3 17. dxe6 1-0

[Event "8. Oeffinger Schachopen 2017"]
[Site "?"]
[Date "2017.06.03"]
[Round "2.2"]
[White "Alber, Wilhelm"]
[Black "Gheng, Josef"]
[Result "0-1"]
[WhiteElo "1933"]
[BlackElo "2334"]
[PlyCount "34"]
[EventDate "2016.??.??"]

1. Nf3 Nf6 2. g3 b6 3. Bg2 Bb7 4. O-O e6 5. c4 c5 6. e3 d5 7. cxd5 Nxd5 8. Nc3
Be7 9. Nxd5 Bxd5 10. d4 O-O 11. b3 Nc6 12. Bb2 Rc8 13. dxc5 Bxc5 14. Qe2 Be4
15. Rfd1 Qe7 16. Ne5 Bxg2 17. Nxc6 Bxc6 0-1

[Event "8. Oeffinger Schachopen 2017"]
[Site "?"]
[Date "2017.06.03"]
[Round "2.3"]
[White "Neymann, Igor"]
[Black "Schulz, Stefan"]
[Result "1-0"]
[WhiteElo "2308"]
[BlackElo "1890"]
[PlyCount "69"]
[EventDate "2016.??.??"]

1. d4 Nf6 2. c4 g6 3. f3 e5 4. d5 Nh5 5. g3 Bc5 6. e4 O-O 7. Nc3 d6 8. Bh6 Re8
9. Qd2 a5 10. Nge2 a4 11. h4 a3 12. b3 Bb4 13. O-O-O Na6 14. g4 Nf4 15. Nxf4
exf4 16. Bg5 Qd7 17. Bxf4 Qe7 18. Kb1 Qf6 19. Rc1 Nc5 20. g5 Qg7 21. Be3 Qe5
22. Bd4 Bxc3 23. Bxc3 Qe7 24. Bf6 Qf8 25. Be2 Nd7 26. Bd4 c6 27. h5 Qe7 28. Rh2
cxd5 29. cxd5 b5 30. Bxb5 Ba6 31. Bxa6 Rxa6 32. Rc7 Qd8 33. hxg6 fxg6 34. Rxh7
Qxc7 35. Rg7+ 1-0

[Event "8. Oeffinger Schachopen 2017"]
[Site "?"]
[Date "2017.06.03"]
[Round "2.4"]
[White "Mück, Heinz-Peter"]
[Black "Degenhardt, Horst"]
[Result "0-1"]
[WhiteElo "1896"]
[BlackElo "2285"]
[PlyCount "76"]
[EventDate "2016.??.??"]

1. g4 e5 2. Bg2 Nc6 3. d3 d5 4. h3 Be6 5. Nf3 f6 6. a3 Qd7 7. Nc3 Nge7 8. Bd2
h5 9. g5 f5 10. Nh4 Kf7 11. e4 dxe4 12. dxe4 f4 13. g6+ Nxg6 14. Nxg6 Kxg6 15.
Nd5 Kf7 16. Bf3 g6 17. Bc3 Bg7 18. h4 Ne7 19. Qe2 c6 20. Nxe7 Qxe7 21. O-O-O
Rad8 22. Rdg1 Bf6 23. Rg2 Rdg8 24. Rhg1 Rh6 25. Bb4 Qc7 26. Bxh5 Rxh5 27. Rxg6
Rgh8 28. Qf3 c5 29. Qg2 R8h7 30. Rg8 Ke7 31. Qf1 Bxg8 32. Rxg8 Rh8 33. Qc4 b6
34. Bc3 Rxg8 35. Qxg8 Rxh4 36. b4 Rh8 37. Qc4 Ra8 38. bxc5 bxc5 0-1

[Event "8. Oeffinger Schachopen 2017"]
[Site "?"]
[Date "2017.06.03"]
[Round "2.5"]
[White "Holzhäuer, Mathias"]
[Black "Siegle, Florian"]
[Result "1-0"]
[WhiteElo "2276"]
[BlackElo "1930"]
[PlyCount "55"]
[EventDate "2016.??.??"]

1. e4 e6 2. Nf3 b6 3. d4 Bb7 4. Bd3 c5 5. c3 Nc6 6. a3 d5 7. e5 c4 8. Bc2 Be7
9. h4 h5 10. Ng5 Bxg5 11. hxg5 g6 12. g4 h4 13. f4 Qc7 14. Nd2 O-O-O 15. Nf3
Nge7 16. Kf2 Rh7 17. Rh3 Rdh8 18. Qe2 Na5 19. Be3 Bc6 20. Rah1 Qd7 21. Rxh4
Rxh4 22. Rxh4 Rxh4 23. Nxh4 Nb7 24. Qf3 Qd8 25. f5 exf5 26. gxf5 gxf5 27. Nxf5
Ng6 28. Nh6 1-0

[Event "8. Oeffinger Schachopen 2017"]
[Site "?"]
[Date "2017.06.03"]
[Round "2.6"]
[White "Böhmler, Thomas"]
[Black "Nickel, Rüdiger"]
[Result "1/2-1/2"]
[WhiteElo "1866"]
[BlackElo "2158"]
[PlyCount "94"]
[EventDate "2016.??.??"]

1. d4 Nf6 2. c4 e6 3. Nc3 Bb4 4. Bg5 b6 5. Nf3 Bb7 6. Ne5 Be7 7. f3 O-O 8. Qc2
d6 9. Nd3 c5 10. dxc5 bxc5 11. e3 Nc6 12. Be2 Nd7 13. Bxe7 Nxe7 14. e4 Nc6 15.
O-O Nd4 16. Qd2 Bc6 17. Rab1 Ne5 18. Nxe5 dxe5 19. Qe3 Rb8 20. Bd1 Qa5 21. Rf2
Qa6 22. b3 Qa5 23. f4 exf4 24. Rxf4 f5 25. exf5 exf5 26. h4 Rbe8 27. Qd2 Qd8
28. Rb2 Rf6 29. h5 Rd6 30. Qf2 Ne6 31. Rxf5 Rxd1+ 32. Nxd1 Qxd1+ 33. Kh2 Rd8
34. Qh4 Qd6+ 35. Kh1 g6 36. hxg6 hxg6 37. Rf6 Kg7 38. Rxe6 Qxe6 39. Qxd8 Qe1+
40. Kh2 Qe5+ 41. Kg1 Qe1+ 42. Kh2 Qe5+ 43. Kg1 Qxb2 44. Qc7+ Kh6 45. Qxc6 Qxa2
46. Qxc5 Qxb3 47. Qxa7 Qxc4 1/2-1/2

[Event "8. Oeffinger Schachopen 2017"]
[Site "?"]
[Date "2017.06.03"]
[Round "2.7"]
[White "Gustain, Marc"]
[Black "Zehring, Mathias"]
[Result "1-0"]
[WhiteElo "2118"]
[BlackElo "1877"]
[PlyCount "107"]
[EventDate "2016.??.??"]

1. e4 e5 2. Bc4 Nf6 3. d4 Nc6 4. Nf3 Be7 5. dxe5 Ng4 6. Qd5 O-O 7. h3 Nb4 8.
Qd4 Nh6 9. Nc3 Kh8 10. Bxh6 gxh6 11. Qd2 Bg5 12. Nxg5 Qxg5 13. Qxg5 hxg5 14.
O-O-O Nc6 15. Nd5 Nxe5 16. Nxc7 Rb8 17. Bb3 b6 18. f3 Bb7 19. Bd5 Bc6 20. Na6
Rbc8 21. Nb4 Bb5 22. Kb1 a5 23. Nd3 Nxd3 24. cxd3 Kg7 25. Bc4 Bxc4 26. dxc4
Rxc4 27. Rxd7 Rfc8 28. Rhd1 R8c7 29. Rxc7 Rxc7 30. Rd6 Rb7 31. Kc2 f6 32. Kd3
Kf7 33. b3 Ke7 34. Rc6 Rd7+ 35. Ke3 Rb7 36. a3 h5 37. g3 b5 38. Rc5 a4 39. b4
Ke6 40. h4 gxh4 41. gxh4 Rg7 42. Rxb5 Rg1 43. Ra5 Rh1 44. Rxa4 Rxh4 45. Ra6+
Ke7 46. b5 Rh1 47. Kf4 Rb1 48. a4 Rb3 49. b6 h4 50. a5 h3 51. Kg3 h2 52. Kxh2
Rxf3 53. b7 Rb3 54. Rb6 1-0

[Event "8. Oeffinger Schachopen 2017"]
[Site "?"]
[Date "2017.06.03"]
[Round "2.8"]
[White "Schömbs, Oliver"]
[Black "Dusbaba, Karel"]
[Result "0-1"]
[WhiteElo "1858"]
[BlackElo "2089"]
[PlyCount "100"]
[EventDate "2016.??.??"]

1. d4 e6 2. e4 d5 3. Nc3 Bb4 4. e5 c5 5. a3 Ba5 6. Nf3 cxd4 7. Qxd4 Nc6 8. Qg4
Kf8 9. b4 Bc7 10. Bf4 Nge7 11. Nb5 Ng6 12. Bd3 Ncxe5 13. Nxe5 Bxe5 14. Bxe5
Nxe5 15. Qg3 f6 16. O-O Bd7 17. Nd4 Qb6 18. Nb3 Rc8 19. Nc5 Kf7 20. Kh1 Qc7 21.
f4 Nxd3 22. cxd3 b6 23. Nxd7 Qxd7 24. Rae1 Rc3 25. Qh3 Qc8 26. g4 b5 27. Qe3
Qd7 28. Re2 Rhc8 29. g5 f5 30. g6+ hxg6 31. Rg2 Rh8 32. Qe5 Qc7 33. Qe3 Rh6 34.
Re1 Qb6 35. Qe5 Rc6 36. Rge2 Rh3 37. Rg2 Qc7 38. Qd4 Rh4 39. Reg1 Rxf4 40. Qe3
Rh4 41. h3 Rh6 42. Rg5 Rc2 43. R5g2 d4 44. Rxc2 Qxc2 45. Qg3 g5 46. Rg2 Qc1+
47. Kh2 g4 48. h4 g5 49. Qd6 Rxh4+ 50. Kg3 Qe3# 0-1

[Event "8. Oeffinger Schachopen 2017"]
[Site "?"]
[Date "2017.06.03"]
[Round "3.1"]
[White "Randall, Gordon"]
[Black "Schnepp, Gunnar"]
[Result "0-1"]
[WhiteElo "2037"]
[BlackElo "2337"]
[PlyCount "68"]
[EventDate "2016.??.??"]

1. d4 Nf6 2. Nf3 g6 3. Bf4 Bg7 4. e3 O-O 5. Be2 d5 6. O-O c5 7. c3 Nc6 8. h3
Nd7 9. Bh2 e5 10. Na3 a6 11. Nc2 Re8 12. Rb1 b5 13. b4 e4 14. Nfe1 c4 15. g4
Nb6 16. Ng2 g5 17. f4 exf3 18. Rxf3 Be6 19. Qd2 Qd7 20. Rbf1 a5 21. a3 axb4 22.
cxb4 h6 23. Kf2 f5 24. Rg3 Nc8 25. Ke1 Nd6 26. Bf3 f4 27. exf4 Bxg4+ 28. Kd1
Bxf3+ 29. Rgxf3 Ne4 30. Qe3 Qa7 31. Bg1 Qa4 32. Kc1 c3 33. Nge1 Qb3 34. Kd1
Nxd4 0-1

[Event "8. Oeffinger Schachopen 2017"]
[Site "?"]
[Date "2017.06.03"]
[Round "3.2"]
[White "Gheng, Josef"]
[Black "Koch, Martin"]
[Result "1-0"]
[WhiteElo "2334"]
[BlackElo "2034"]
[PlyCount "99"]
[EventDate "2016.??.??"]

1. e4 c5 2. Nf3 e6 3. Nc3 d6 4. Bc4 a6 5. a4 Nf6 6. Qe2 Nc6 7. O-O Be7 8. d3
O-O 9. h3 b6 10. Bf4 Bb7 11. Nd2 Nd4 12. Qd1 Qd7 13. Ba2 b5 14. Re1 h6 15. Ncb1
e5 16. Bh2 Rfe8 17. Nf1 Bf8 18. Nc3 b4 19. Ne2 Nc6 20. Ne3 Na5 21. f4 Bc6 22.
Rf1 Rab8 23. fxe5 dxe5 24. Rxf6 gxf6 25. Bd5 f5 26. Bxc6 Nxc6 27. Nxf5 Re6 28.
b3 Rbe8 29. g4 Be7 30. Kg2 Qd8 31. Neg3 Bg5 32. Bg1 Nd4 33. Nh5 Rg6 34. Bf2 Ne6
35. Qf3 Qc7 36. Rf1 Bf4 37. Be3 Kh7 38. Bxf4 Nxf4+ 39. Nxf4 exf4 40. Qxf4 Qxf4
41. Rxf4 h5 42. Kf3 hxg4+ 43. hxg4 Kg8 44. Kg3 Re5 45. Rf2 Rb6 46. Kf4 Re8 47.
g5 Rg6 48. e5 Rge6 49. Re2 f6 50. gxf6 1-0

[Event "8. Oeffinger Schachopen 2017"]
[Site "?"]
[Date "2017.06.03"]
[Round "3.3"]
[White "Genter, Markus"]
[Black "Neyman, Igor"]
[Result "0-1"]
[WhiteElo "1997"]
[BlackElo "2308"]
[PlyCount "76"]
[EventDate "2016.??.??"]

1. Nf3 d5 2. c4 e6 3. b3 Nf6 4. Bb2 Be7 5. g3 O-O 6. Bg2 b6 7. O-O Bb7 8. d4
Nbd7 9. Nc3 c5 10. cxd5 Nxd5 11. Qd2 Rc8 12. Rfd1 c4 13. Nxd5 Bxd5 14. Ne1 Nf6
15. bxc4 Rxc4 16. Nd3 Bxg2 17. Kxg2 b5 18. Ne5 Ra4 19. f3 Qb6 20. Rdc1 Ba3 21.
Rc6 Qa5 22. Qxa5 Rxa5 23. Bc3 Ra4 24. Rb1 a6 25. e4 h6 26. Rd1 Be7 27. Rd2 Rd8
28. Rc2 Ne8 29. Ba1 Nd6 30. Rc7 Bf8 31. Nc6 Re8 32. Kf2 Nc4 33. f4 Ra3 34. Bc3
Nd6 35. Kf3 b4 36. Nxb4 Nb5 37. Rc4 Nxc3 38. R2xc3 Rxc3+ 0-1

[Event "8. Oeffinger Schachopen 2017"]
[Site "?"]
[Date "2017.06.03"]
[Round "3.4"]
[White "Degenhardt, Horst"]
[Black "Frühsorger, Dieter"]
[Result "1/2-1/2"]
[WhiteElo "2285"]
[BlackElo "1957"]
[PlyCount "31"]
[EventDate "2016.??.??"]

1. d4 Nf6 2. Nf3 g6 3. Nbd2 d5 4. b4 Bg7 5. e3 O-O 6. Bb2 Nbd7 7. c4 c6 8. Be2
dxc4 9. Nxc4 Nb6 10. Na5 Ne4 11. Bd3 Nd6 12. O-O Be6 13. Qe2 Na4 14. a3 Nxb2
15. Qxb2 Rb8 16. Ng5 1/2-1/2

[Event "8. Oeffinger Schachopen 2017"]
[Site "?"]
[Date "2017.06.03"]
[Round "3.5"]
[White "Kolb, Roland"]
[Black "Holzhäuer, Mathias"]
[Result "1/2-1/2"]
[WhiteElo "1957"]
[BlackElo "2276"]
[PlyCount "36"]
[EventDate "2016.??.??"]

1. c4 e5 2. Nc3 Bb4 3. d4 Nc6 4. d5 Nce7 5. e4 Bxc3+ 6. bxc3 Nf6 7. Bd3 d6 8.
Ne2 O-O 9. O-O Ng6 10. Ng3 Nd7 11. Nf5 Nc5 12. Bc2 Ne7 13. Qg4 Nxf5 14. exf5
Kh8 15. Be3 b6 16. f4 f6 17. fxe5 fxe5 18. Qh5 Qe7 1/2-1/2

[Event "8. Oeffinger Schachopen 2017"]
[Site "?"]
[Date "2017.06.03"]
[Round "3.6"]
[White "Döring, Stefan"]
[Black "Gustain, Marc"]
[Result "1/2-1/2"]
[WhiteElo "1956"]
[BlackElo "2118"]
[PlyCount "123"]
[EventDate "2016.??.??"]

1. d4 Nf6 2. Bf4 d5 3. e3 e6 4. Nf3 Bd6 5. Ne5 O-O 6. Bd3 c5 7. c3 Nc6 8. Nd2
Bxe5 9. Bxe5 Nxe5 10. dxe5 Nd7 11. Qc2 Nxe5 12. Bxh7+ Kh8 13. Bd3 Nxd3+ 14.
Qxd3 e5 15. e4 d4 16. Qg3 Qf6 17. O-O dxc3 18. Qxc3 b6 19. f4 exf4 20. Qxf6
gxf6 21. Rxf4 Rd8 22. Nf3 Kg7 23. Re1 Be6 24. a3 Rd3 25. e5 fxe5 26. Rxe5 Rad8
27. Re2 R8d5 28. h4 b5 29. Ng5 Rd6 30. Re5 Rc6 31. Nxe6+ Rxe6 32. Rxc5 Rb3 33.
Rg5+ Rg6 34. Rxg6+ fxg6 35. Rb4 Rd3 36. Rxb5 Kf6 37. Ra5 Rb3 38. Rxa7 Rxb2 39.
Ra5 Rc2 40. Kh2 Rc3 41. a4 Rc4 42. Kh3 Rb4 43. Ra6+ Kg7 44. a5 Ra4 45. Ra8 Kf6
46. a6 Ra5 47. a7 Kg7 48. Kg3 Ra4 49. Kf3 Kh7 50. g3 Kg7 51. g4 Kh7 52. h5 gxh5
53. gxh5 Ra1 54. Ke3 Ra2 55. Kd3 Ra1 56. Kc3 Ra2 57. Kb3 Ra1 58. Kb2 Ra4 59.
Kb3 Ra1 60. Kb4 Ra2 61. Kb5 Ra1 62. Kb6 1/2-1/2

[Event "8. Oeffinger Schachopen 2017"]
[Site "?"]
[Date "2017.06.03"]
[Round "3.7"]
[White "Dusbaba, Karel"]
[Black "Ilzhöfer, Karl-Heinz"]
[Result "1-0"]
[WhiteElo "2089"]
[BlackElo "1768"]
[PlyCount "41"]
[EventDate "2016.??.??"]

1. c4 Nf6 2. Nc3 c5 3. g3 e6 4. Bg2 Be7 5. Nf3 Nc6 6. O-O O-O 7. d4 cxd4 8.
Nxd4 Bb4 9. Ne4 Nxe4 10. Bxe4 Qf6 11. Nb3 a5 12. a3 Be7 13. Qc2 h6 14. Be3 d6
15. Rad1 a4 16. Nd4 Ra6 17. Nb5 Ne5 18. Bd4 g5 19. f4 gxf4 20. gxf4 d5 21. Bxe5
1-0

[Event "8. Oeffinger Schachopen 2017"]
[Site "?"]
[Date "2017.06.03"]
[Round "3.8"]
[White "Nickel, Rüdiger"]
[Black "Schaum, Michael"]
[Result "1/2-1/2"]
[WhiteElo "2158"]
[BlackElo "1949"]
[PlyCount "85"]
[EventDate "2016.??.??"]

1. e4 c5 2. Nf3 d6 3. d4 cxd4 4. Nxd4 Nf6 5. Nc3 a6 6. Bg5 e6 7. f4 Nbd7 8. Qf3
Qc7 9. O-O-O b5 10. g4 Bb7 11. Bd3 Be7 12. Rhe1 O-O 13. Qh3 Nc5 14. Kb1 Nxd3
15. cxd3 Rfe8 16. Bh4 Rac8 17. Rc1 Qd8 18. Nf3 Nd7 19. Bxe7 Qxe7 20. Ng5 Nf8
21. Qe3 Rc5 22. h4 Rec8 23. h5 h6 24. Nf3 e5 25. fxe5 dxe5 26. Nd5 Rxc1+ 27.
Rxc1 Rxc1+ 28. Qxc1 Qd6 29. Qc7 Qxc7 30. Nxc7 Nd7 31. Ne8 Kf8 32. Nd6 Ba8 33.
Nf5 Bc6 34. Kc2 a5 35. Kd2 b4 36. a3 bxa3 37. bxa3 Ba4 38. Ne3 Bb3 39. Nc4 Bxc4
40. dxc4 f6 41. Nh4 Nc5 42. Ke3 Ne6 43. Nf5 1/2-1/2

[Event "8. Oeffinger Schachopen 2017"]
[Site "?"]
[Date "2017.06.04"]
[Round "4.1"]
[White "Schnepp, Gunnar"]
[Black "Dusbaba, Karel"]
[Result "1/2-1/2"]
[WhiteElo "2337"]
[BlackElo "2089"]
[PlyCount "31"]
[EventDate "2016.??.??"]

1. d4 e6 2. c4 d5 3. Nc3 f5 4. Bf4 c6 5. e3 Nf6 6. Nf3 Bd6 7. Bd3 O-O 8. O-O
Ne4 9. Qb3 Kh8 10. Rad1 Qc7 11. Ne2 Nd7 12. h4 Ndf6 13. Ne5 Nd7 14. Nf3 Ndf6
15. Ne5 Nd7 16. Nf3 1/2-1/2

[Event "8. Oeffinger Schachopen 2017"]
[Site "?"]
[Date "2017.06.04"]
[Round "4.4"]
[White "Holzhäuer, Mathias"]
[Black "Engbrecht, Helmut"]
[Result "1/2-1/2"]
[WhiteElo "2276"]
[BlackElo "1973"]
[PlyCount "87"]
[EventDate "2016.??.??"]

1. e4 Nc6 2. d4 d5 3. Nc3 e6 4. e5 f6 5. Nf3 fxe5 6. Nxe5 Nxe5 7. dxe5 Bb4 8.
Qg4 Qe7 9. Bd3 Bxc3+ 10. bxc3 Qf7 11. O-O Ne7 12. Qh3 Bd7 13. Rb1 O-O-O 14. Qe3
a6 15. Ba3 Bc6 16. Qc5 Kd7 17. Rb4 b6 18. Qe3 Ng6 19. Rd4 Bb7 20. Rb1 Ne7 21.
Rf4 Qh5 22. Qg3 g5 23. Rf6 Ng8 24. Rf3 d4 25. Rf8 Rxf8 26. Bxf8 Qf7 27. Bb4
dxc3 28. Bxc3 Ne7 29. Bd2 Nf5 30. Qg4 h5 31. Qe2 Nh4 32. Be4 Bxe4 33. Qxe4 Qf5
34. Qa4+ Ke7 35. Qc6 Kf7 36. Qxc7+ Kg6 37. Qc6 Rb8 38. Re1 Rd8 39. Bb4 Qg4 40.
Bd6 Rc8 41. Qb7 Rxc2 42. h3 Qd4 43. Rf1 Qd5 44. Qxd5 1/2-1/2

[Event "8. Oeffinger Schachopen 2017"]
[Site "?"]
[Date "2017.06.04"]
[Round "4.5"]
[White "Gustain, Marc"]
[Black "Suß, Stefan"]
[Result "1-0"]
[WhiteElo "2118"]
[BlackElo "1950"]
[PlyCount "41"]
[EventDate "2016.??.??"]

1. e4 d5 2. exd5 Nf6 3. Bb5+ Bd7 4. Be2 Nxd5 5. d4 Bf5 6. Nf3 e6 7. O-O Bd6 8.
a3 Nd7 9. c4 Nf4 10. Nc3 c6 11. Bxf4 Bxf4 12. g3 Bh6 13. d5 cxd5 14. cxd5 O-O
15. Re1 Rc8 16. Nd4 Qf6 17. dxe6 Ne5 18. Nd5 Qg5 19. Nxf5 fxe6 20. f4 Qf6 21.
Nxf6+ 1-0

[Event "8. Oeffinger Schachopen 2017"]
[Site "?"]
[Date "2017.06.04"]
[Round "4.6"]
[White "Frühsorger, Dieter"]
[Black "Klaus, Dominik"]
[Result "1-0"]
[WhiteElo "1957"]
[BlackElo "2020"]
[PlyCount "81"]
[EventDate "2016.??.??"]

1. e4 b6 2. d4 Bb7 3. Bd3 e6 4. f4 c5 5. c3 d6 6. Nf3 Nf6 7. Qe2 Nbd7 8. O-O
Be7 9. e5 Nd5 10. f5 dxe5 11. fxe6 fxe6 12. Ng5 Bxg5 13. Qh5+ Ke7 14. Bxg5+
N5f6 15. Nd2 exd4 16. Rae1 Qg8 17. Bc4 Nf8 18. Qh4 Qf7 19. Ne4 Bxe4 20. Qxe4
Rd8 21. cxd4 cxd4 22. Bb5 h6 23. Qb7+ N8d7 24. Bxf6+ gxf6 25. Bc4 Kf8 26. Bxe6
Qg7 27. Bxd7 Qxd7 28. Rxf6+ Kg8 29. Qe4 Rh7 30. Ref1 d3 31. Qc4+ Qd5 32. Rf8+
Kg7 33. R1f7+ Kg6 34. Qg4+ Qg5 35. Qe6+ Kh5 36. Rxd8 Qc5+ 37. Kf1 Qc1+ 38. Kf2
Qd2+ 39. Kg3 Qg5+ 40. Kf3 Rxf7+ 41. Qxf7+ 1-0

[Event "8. Oeffinger Schachopen 2017"]
[Site "?"]
[Date "2017.06.04"]
[Round "4.7"]
[White "Bitzenauer, Sebastian"]
[Black "Gheng, Simona"]
[Result "0-1"]
[WhiteElo "1882"]
[BlackElo "1999"]
[PlyCount "62"]
[EventDate "2016.??.??"]

1. Nf3 d5 2. g3 Nf6 3. Bg2 e6 4. d3 Be7 5. O-O O-O 6. Nbd2 Nbd7 7. h3 e5 8. c4
c6 9. Qc2 Re8 10. Rd1 Bf8 11. Ne1 Nc5 12. Nf1 Ne6 13. Be3 d4 14. Bc1 Qc7 15. b3
h6 16. a3 a5 17. Nf3 Bd7 18. N1h2 Bd6 19. h4 c5 20. Bh3 Bc6 21. Ng4 Nxg4 22.
Bxg4 e4 23. dxe4 Bxg3 24. e3 Be5 25. Rb1 Rad8 26. Kf1 Bf6 27. Bxe6 Rxe6 28. Nd2
d3 29. Qa2 Qh2 30. Ke1 Qg1+ 31. Nf1 Bxe4 0-1

[Event "8. Oeffinger Schachopen 2017"]
[Site "?"]
[Date "2017.06.04"]
[Round "4.8"]
[White "Nickel, Rüdiger"]
[Black "Döring, Stefan"]
[Result "1-0"]
[WhiteElo "2158"]
[BlackElo "1956"]
[PlyCount "109"]
[EventDate "2016.??.??"]

1. e4 e5 2. Nf3 Nc6 3. Bb5 a6 4. Bxc6 dxc6 5. Nc3 Bc5 6. Qe2 f6 7. d3 Bg4 8.
Be3 Bb4 9. Bd2 Qd7 10. h3 Be6 11. a3 Bc5 12. Be3 Bd4 13. Nd1 O-O-O 14. Nxd4
exd4 15. Bf4 Ne7 16. b3 f5 17. f3 Ng6 18. Qd2 fxe4 19. fxe4 Nxf4 20. Qxf4 Rhf8
21. Qg3 Qd6 22. Qxd6 cxd6 23. Rf1 d5 24. Rxf8 Rxf8 25. Nf2 dxe4 26. dxe4 Rd8
27. Rd1 Bf7 28. Rd3 Bg6 29. Rf3 Re8 30. Rf4 Kd7 31. Ke2 Kd6 32. g4 c5 33. h4 h5
34. gxh5 Bxh5+ 35. Kd3 b5 36. Rf5 Re5 37. Rf8 Re8 38. Rf5 Re5 39. Rf8 Re8 40.
Rf4 Re6 41. b4 Bg6 42. bxc5+ Kxc5 43. h5 Be8 44. Rf5+ Kb6 45. Kxd4 Rh6 46. Rg5
Bxh5 47. Rxg7 Be2 48. Nd3 Rc6 49. Nb4 Rc4+ 50. Ke3 Bd1 51. Rg6+ Kb7 52. Rg7+
Kb6 53. Kd3 a5 54. Nd5+ Kc6 55. Ne3 1-0